000 00586nam a22001817a 4500
003 OSt
005 20251103032734.0
008 251103b |||||||| |||| 00| 0 eng d
020 _a0-02-642798-2.
040 _aDWCL-Main lib
_cOC
082 _aCirc. 372.37 D279 1997
110 _aGlencoe/Mcgrawhill
245 _aDealing with sensitive issues :
_bfamily and consumer sciences professional development series
_cGlencoe/Mcgrawhill
260 _aN. Y. :
_bGlencoe/McGraw-Hill,
_cc1997.
300 _a48 pages ;
_c28 cm.
650 _21. Health education.
942 _2ddc
_cBK-CIRC
_kCirc.
_n0
999 _c5394
_d5394